Sports Quiz

Random Sports or Europe Quiz
Score 0/110 Timer 10:00
2 Plays Today
Year Answer % Correct
2010Manuel Neuer
99.7%
2011Manuel Neuer
99.7%
2012Manuel Neuer
99.7%
2013Manuel Neuer
99.7%
2014Manuel Neuer
99.7%
2015Manuel Neuer
99.7%
2016Manuel Neuer
99.7%
2018Manuel Neuer
99.7%
2019Manuel Neuer
99.7%
2010Jerome Boateng
99%
2012Jerome Boateng
99%
2013Jerome Boateng
99%
2014Jerome Boateng
99%
2015Jerome Boateng
99%
2016Jerome Boateng
99%
2018Jerome Boateng
99%
2010Philipp Lahm
98.6%
2011Philipp Lahm
98.6%
2012Philipp Lahm
98.6%
2013Philipp Lahm
98.6%
2014Philipp Lahm
98.6%
2011Mats Hummels
98.4%
2012Mats Hummels
98.4%
2014Mats Hummels
98.4%
2015Mats Hummels
98.4%
2016Mats Hummels
98.4%
2018Mats Hummels
98.4%
2010Miroslav Klose
96.2%
2012Miroslav Klose
96.2%
2010Thomas Muller
95.6%
2011Thomas Muller
95.6%
2012Thomas Muller
95.6%
2013Thomas Muller
95.6%
2014Thomas Muller
95.6%
2015Thomas Muller
95.6%
2016Thomas Muller
95.6%
2018Thomas Muller
95.6%
Year Answer % Correct
2010Mesut Ozil
94.4%
2011Mesut Ozil
94.4%
2012Mesut Ozil
94.4%
2013Mesut Ozil
94.4%
2014Mesut Ozil
94.4%
2015Mesut Ozil
94.4%
2016Mesut Ozil
94.4%
2011Toni Kroos
94.1%
2012Toni Kroos
94.1%
2013Toni Kroos
94.1%
2014Toni Kroos
94.1%
2015Toni Kroos
94.1%
2016Toni Kroos
94.1%
2018Toni Kroos
94.1%
2019Toni Kroos
94.1%
2010Bastian Schweinsteiger
92.1%
2015Bastian Schweinsteiger
92.1%
2010Sami Khedira
90.9%
2011Sami Khedira
90.9%
2012Sami Khedira
90.9%
2013Sami Khedira
90.9%
2014Sami Khedira
90.9%
2016Sami Khedira
90.9%
2011Mario Gomez
90.8%
2016Joshua Kimmich
89.4%
2017Joshua Kimmich
89.4%
2018Joshua Kimmich
89.4%
2019Joshua Kimmich
89.4%
2012Marco Reus
88.5%
2017Timo Werner
88.5%
2018TImo Werner
88.5%
2019Marco Reus
88.5%
2019Timo Werner
88.5%
2014Mario Gotze
87.8%
2015Mario Gotze
87.8%
2016Mario Gotze
87.8%
2017Marc Andre Ter Stegen
86%
Year Answer % Correct
2010Lukas Podolski
85.3%
2011Lukas Podolski
85.3%
2018Niklas Sule
75.9%
2019Niklas Sule
75.9%
2010Per Mertesacker
74.5%
2011Per Mertesacker
74.5%
2013Per Mertesacker
74.5%
2014Per Mertesacker
74.5%
2019Serge Gnabry
73.5%
2013Benedikt Howedes
70.3%
2014Benedikt Howedes
70.3%
2015Jonas Hector
67.9%
2016Jonas Hector
67.9%
2017Jonas Hector
67.9%
2018Jonas Hector
67.9%
2015Ilkay Gundogan
65.1%
2019Ilkay Gundogan
65.1%
2016Julian Draxler
64%
2017Julian Draxler
64%
2018Julian Draxler
64%
2017Leon Goretzka
63%
2013Andre Schurrle
59.7%
2015Andre Schurrle
59.7%
2017Antonio Rudiger
59%
2018Antonio Rudiger
59%
2013Marcel Schmelzer
56.7%
2011Holger Badstuber
54.6%
2012Holger Badstuber
54.6%
2017Emre Can
51.8%
2019Julian Brandt
51.8%
2017Matthias Ginter
38.9%
2019Matthias Ginter
38.9%
2010Arne Friedrich
37.3%
2017Sebastian Rudy
37.2%
2019Lukas Klostermann
31.9%
2017Lars Stindl
21.8%
Remove Ads.
Support Sporcle.
Get the best of Sporcle when you Go Orange. This ad-free experience offers more features, more stats, and more fun while also helping to support Sporcle. Thank you for becoming a member.

You're not logged in!

Compare scores with friends on all Sporcle quizzes.
OR
Log In

Sporcle TV

Today on Sporcle TV


Watch our educational content, quiz creation guides, and fun videos on Sporcle TV.

Show Comments

Extras

Top Quizzes Today


Score Distribution

Paid Content

Your Account Isn't Verified!

In order to create a playlist on Sporcle, you need to verify the email address you used during registration. Go to your Sporcle Settings to finish the process.

Report this User

Report this user for behavior that violates our Community Guidelines.

Details: